|
|
|
|
| LEADER |
01099pam a22003498a 4500 |
| 001 |
00036761 |
| 005 |
20171026081025.0 |
| 008 |
170324s2016 ||||||Viesd |
| 020 |
# |
# |
|a 978604 53 7167 1
|
| 041 |
0 |
# |
|a Vie
|
| 082 |
1 |
4 |
|a 398.209 597 167
|b TH460C
|
| 100 |
0 |
# |
|a Nguyễn, Ngọc Thanh
|e Chủ biên
|
| 245 |
0 |
0 |
|a Thơ cơ dân gian người La Chí
|c Nguyễn Ngọc Thanh (Chủ biên); Hoàng Chí Thanh; Hoàng Văn Phong(sưu tầm , giới thiệu)
|
| 260 |
# |
# |
|a Hà Nội
|b Hội nhà văn
|c 2016
|
| 300 |
# |
# |
|a 251tr.
|c 21 cm.
|
| 500 |
# |
# |
|a ĐTTS:Hội văn nghệ dân gian Việt Nam
|
| 653 |
# |
# |
|a Người La Chí
|
| 653 |
# |
# |
|a Lào Cai
|
| 653 |
# |
# |
|a Thơ ca
|
| 653 |
# |
# |
|a Văn học dân gian
|
| 700 |
1 |
# |
|a Hoàng, Chí Thanh
|
| 700 |
1 |
# |
|a Hoàng, Văn Phong
|
| 852 |
# |
# |
|b Kho đọc
|j KD.0019638
|
| 852 |
# |
# |
|j KD.0019638
|
| 910 |
|
|
|d 24/03/2017
|
| 980 |
# |
# |
|a Trung tâm Học liệu Lê Vũ Hùng, Trường Đại học Đồng Tháp
|